000 00984nam a22002657a 4500
001 BR8701525
003 BR-BrBNA
005 20230928092424.0
007 ta
008 230509b bl.||||| |||| 00| 0 por d
040 _aBR-BrBNA
_bpor
_cBiblioteca Nacional de Agricultura
041 _a(Por)
072 _aP40
_b/G514
090 _ P40 BR8701525
100 1 _aQuadros, W. de O.
110 1 _aInstituto de Pesquisa Agropecuaria do Sul, Cacador, SC (Brasil). Estacao Experimental de Rio Cacador
_96095
245 1 _aSintese das observacoes meteorologicas realizadas no posto meteoro-agrario da estacao experimental de Rio Cacador-SC - 1942 a 1986 [Santa Catarina, Brasil]
260 3 _aCacador, SC (Brasil):
_c1967.
300 _a14 p.
500 _a(*) Documento disponível no(a) Empresa Catarinense de Pesquisa Agropecuaria S.A., Florianopolis, SC (Brazil)
650 _aMETEOROLOGIA
650 _aSANTA CATARINA
909 _a202309
_bLucia
_c55
_dLucia Elande
942 _cBK
999 _c38958
_d38958